书目信息 |
| 题名: |
民俗学前沿研究
|
|
| 作者: | 萧放 , 朱霞 主编 | |
| 分册: | ||
| 出版信息: | 北京 商务印书馆 2018 |
|
| 页数: | 256页 | |
| 开本: | 23cm | |
| 丛书名: | 中国社会治理智库丛书 | |
| 单 册: | ||
| 中图分类: | K890-53 | |
| 科图分类: | ||
| 主题词: | 民俗学--文集 | |
| 电子资源: | ||
| ISBN: | 978-7-100-15661-5 | |
| 000 | 01035oam2 2200277 450 | |
| 001 | 012001004999 | |
| 005 | 20141007082739.0 | |
| 010 | @a978-7-100-15661-5@dCNY56.00 | |
| 100 | @a20180513d2018 em y0chiy50 ea | |
| 101 | 0 | @achi |
| 102 | @aCN@b110000 | |
| 105 | @aa z 000yy | |
| 106 | @ar | |
| 200 | 1 | @a民俗学前沿研究@9min su xue qian yan yan jiu@f萧放,朱霞主编 |
| 210 | @a北京@c商务印书馆@d2018 | |
| 215 | @a256页@c图@d23cm | |
| 225 | 1 | @a中国社会治理智库丛书@i民俗学系列 |
| 330 | @a本书以日本著名民俗学家福田亚西男教授与中国著名民俗学家刘魁立教授等八位主讲人的课程演讲记录为底本,研讨的主题主要集中在日本民俗学的历史与当下的发展趋势、民俗学与非物质文化遗产研究、民俗学与日常生活实践、家乡民俗学、民俗学表演理论、未来民俗学的探讨等。 | |
| 461 | 0 | @12001 @a中国社会治理智库丛书 |
| 462 | 0 | @12001 @a民俗学系列 |
| 606 | 0 | @a民俗学@j文集 |
| 690 | @aK890-53@v5 | |
| 701 | 0 | @a萧放@9xiao fang@f(1960-)@4主编 |
| 701 | 0 | @a朱霞@9zhu xia@4主编 |
| 801 | 0 | @aCN@b上海新华@c20180901 |
| 905 | @b1172119-23@dK890-53@e303@f5 | |
| 民俗学前沿研究/萧放,朱霞主编.-北京:商务印书馆,2018 |
| 256页:图;23cm.-(中国社会治理智库丛书.民俗学系列) |
| ISBN 978-7-100-15661-5:CNY56.00 |
| 本书以日本著名民俗学家福田亚西男教授与中国著名民俗学家刘魁立教授等八位主讲人的课程演讲记录为底本,研讨的主题主要集中在日本民俗学的历史与当下的发展趋势、民俗学与非物质文化遗产研究、民俗学与日常生活实践、家乡民俗学、民俗学表演理论、未来民俗学的探讨等。 |
| ● |
| 相关链接 |
|
|
|
|
正题名:民俗学前沿研究
索取号:K890-53/303
 
预约/预借
| 序号 | 登录号 | 条形码 | 馆藏地/架位号 | 状态 | 备注 |
| 1 | 1172119 | 211721190 | 第二样本阅览室/ [索取号:K890-53/303] | 在馆 | |
| 2 | 1172120 | 211721207 | 密集书库-史法系/ [索取号:K890-53/303] | 在馆 | |
| 3 | 1172121 | 211721216 | 第二借阅区/ [索取号:K890-53/303] | 在馆 | |
| 4 | 1172122 | 211721225 | 第二借阅区/ [索取号:K890-53/303] | 在馆 | |
| 5 | 1172123 | 211721234 | 第二借阅区/ [索取号:K890-53/303] | 在馆 |